LIBRARY & INFORMATION CENTRE, KCAET, TAVANUR

ONLINE PUBLIC ACCESS CATALOGUE (OPAC)

Palattu Koman / (Record no. 6646)

MARC details
000 -LEADER
fixed length control field 00234cam a2200109ua 4500
082 ## - DEWEY DECIMAL CLASSIFICATION NUMBER
Classification number 894.812308
Item number KRA/PA
100 ## - MAIN ENTRY--AUTHOR NAME
Personal name Prasannan Mullasseri, G .
245 ## - TITLE STATEMENT
Title Palattu Koman /
250 ## - EDITION STATEMENT
Edition statement 1 /
300 ## - PHYSICAL DESCRIPTION
Number of Pages 171 ; .
942 ## - ADDED ENTRY ELEMENTS (KOHA)
Koha item type Books
Holdings
Withdrawn status Lost status Damaged status Home library Current library Date acquired Full call number Accession Number Koha item type
      KAUAET KAUAET 07/04/2012 894.812308 10236 Books
free website counter